Security In Computing (Record no. 368917)
[ view plain ]
| 000 -LEADER | |
|---|---|
| fixed length control field | 00261 a2200121 4500 |
| 005 - DATE AND TIME OF LATEST TRANSACTION | |
| control field | 20251015152202.0 |
| 020 ## - INTERNATIONAL STANDARD BOOK NUMBER | |
| International Standard Book Number | 9789367135587 |
| 100 ## - MAIN ENTRY--PERSONAL NAME | |
| Personal name | Pfleeger C.P. |
| 9 (RLIN) | 214623 |
| 245 ## - TITLE STATEMENT | |
| Title | Security In Computing |
| 250 ## - EDITION STATEMENT | |
| Edition statement | 6th |
| 260 ## - PUBLICATION, DISTRIBUTION, ETC. (IMPRINT) | |
| Name of publisher, distributor, etc. | Pearson |
| Date of publication, distribution, etc. | 2025 |
| 942 ## - ADDED ENTRY ELEMENTS (KOHA) | |
| Koha item type | Article |
| Withdrawn status | Lost status | Source of classification or shelving scheme | Damaged status | Not for loan | Home library | Current library | Date acquired | Vendor | Cost, normal purchase price | Total Checkouts | Full call number | Barcode | Date last seen | Cost, replacement price | Bill Date | Koha item type |
|---|---|---|---|---|---|---|---|---|---|---|---|---|---|---|---|---|
| Dewey Decimal Classification | Cummins College of Engineering for Women Pune | Cummins College of Engineering for Women Pune | 27/10/2025 | 115 | 871.20 | 005.8 PFL | CCEP-BK-69722 | 27/10/2025 | 1210.00 | 27/10/2025 | Books |